ऑलिम्पिकवीर खाशाबा जाधव (Record no. 71608)

MARC details
000 -LEADER
fixed length control field 00664nam a2200181Ia 4500
008 - FIXED-LENGTH DATA ELEMENTS--GENERAL INFORMATION
fixed length control field 090123s9999 xx 000 0 und d
082 ## - DEWEY DECIMAL CLASSIFICATION NUMBER
Item number 33549
Classification number 923.254/दुधाणे
100 ## - MAIN ENTRY--PERSONAL NAME
Personal name दुधाणे संजय
245 ## - TITLE STATEMENT
Title ऑलिम्पिकवीर खाशाबा जाधव
250 ## - EDITION STATEMENT
Edition statement 1
260 ## - PUBLICATION, DISTRIBUTION, ETC. (IMPRINT)
Name of publisher, distributor, etc मीनल प्रकाशन
Date of publication, distribution, etc 2001
300 ## - PHYSICAL DESCRIPTION
Extent 136
600 ## - SUBJECT ADDED ENTRY--PERSONAL NAME
Personal name दुधाणे संजय
630 ## - SUBJECT ADDED ENTRY--UNIFORM TITLE
Uniform title ऑलिम्पिकवीर खाशाबा जाधव
700 ## - ADDED ENTRY--PERSONAL NAME
Personal name दुधाणे संजय
730 ## - ADDED ENTRY--UNIFORM TITLE
Uniform title ऑलिम्पिकवीर खाशाबा जाधव
942 ## - ADDED ENTRY ELEMENTS (KOHA)
Koha item type Book
Holdings
Withdrawn status Lost status Damaged status Not for loan Home library Current library Date acquired Cost, normal purchase price Total Checkouts Full call number Barcode Date last seen Cost, replacement price Price effective from Koha item type
        Jawahar Wachalanalaya, Kalwa Jawahar Wachalanalaya, Kalwa 03/31/2002 90.00   33549 KLW-33549 01/23/2009 90.00 01/23/2009 Book